Časové spisky Slovenskej ovocinárskej spoločnosti. Cesta čsl. ovocinárov po Poľsku roku ...

Bibliographic Details
Corporate Author: Slovenská ovocinárska spoločnosť (Bratislava, Slovensko)
Format: Journal
Language:Slovak
PhysicalDescription:zv. 28 cm
Published: Bratislava Slovenské ovocinárstvo [1926]
Subjects:

MARC

LEADER 00000cas a2200000 a 4500
001 vtls008366512
003 SK-MaSNL
005 20260228160202.0
008 180812d19261926xo zu|p r 0 b0slo
015 |a SKSNBA19191938-001307 
035 |a SK01SNKBSKHR20020058729 
035 |a SKM000061192 
040 |a SNK  |b slo  |c SNK  |e AACR2 
041 0 |a slo 
044 |a xo  |c SK 
080 |a 634  |2 2011 
080 |a (438)  |2 2011 
080 |a 050  |2 2001 
245 0 0 |a Časové spisky Slovenskej ovocinárskej spoločnosti.  |p Cesta čsl. ovocinárov po Poľsku roku ... 
246 1 3 |a Cesta čsl. ovocinárov po Poľsku roku ... 
260 |a Bratislava  |b Slovenské ovocinárstvo  |c [1926]  |e Bratislava  |f Slov. Grafia 
300 |a zv.  |c 28 cm 
310 |a Periodicita neznáma 
362 0 |a [Sv. 1 (1926)]  |z BA001/2014 
650 0 7 |a ovocinárstvo  |2 SNKPH  |9 16370 
710 2 |a Slovenská ovocinárska spoločnosť (Bratislava, Slovensko)  |9 266106 
852 |a Slovenská národná knižnica v Martine  |b 10000  |h MS SB 3823 
852 |a Univerzitná knižnica v Bratislave  |b 300000  |h SC 303/1 
852 |a Slovenská národná knižnica v Martine  |b 10000  |h snkČSB 2267 
910 |a kis3gmm 
910 |a snk 
958 |a RK 
999 |c 1844  |d 3774 
952 |0 0  |1 0  |4 0  |7 0  |8 1  |a SNK  |b SNK  |d 2015-07-30  |i snkD 3914/76  |l 0  |o snkČSB 2267/1926/1  |p 17A1079537  |r 2026-02-21 19:45:49  |w 2026-02-21  |y PREZ